000 00526nam a2200217Ia 4500
003 0100
008 130303s9999 xx 000 0 und d
040 _cARRUPELIB
050 _aLB1738.5.B43 1994
100 _aBeck, Lynn G.
245 _aEthics in educational leadership programs
245 _ban expanding role
260 _aCalifornia
260 _bCorwin press
260 _C1994
300 _axv
300 _b 120p. 22cm
650 _bcatholic church-laity
700 _aMurphy, Joseph
942 _2lcc
_02
999 _c64153
_d64153